[Event "Remote No Engine Nah2-19 email"]
[Site "Remote email"]
[Date "2014.08.25"]
[Round "?"]
[White "Pirs, Matjaz"]
[Black "Tortoza, Carlos Alberto"]
[Result "1-0"]
[WhiteElo "2510"]
[BlackElo "1632"]
[PlyCount "97"]
[EventDate "2014.??.??"]
[EventType "tourn (corr)"]
[EventRounds "4"]
[EventCountry "GER"]
[SourceTitle "Corr 2015"]
[Source "ChessBase"]
[SourceDate "2015.07.17"]
[SourceVersion "1"]
[SourceVersionDate "2015.07.17"]
[SourceQuality "1"]

1. e4 e5 2. Nf3 Nc6 3. Bb5 Qf6 4. 0-0 Bc5 5. c3 a6 6. Bxc6 bxc6 7. d4 Bd6 8. dxe5 Bxe5 9. Nxe5 Qxe5 10. f4 Qc5+ 11. Qd4 Qe7 12. Nd2 Bb7 13. Qxg7 f6 14. Qxe7+ Nxe7 15. Nf3 0-0-0 16. Be3 Kb8 17. Bd4 Rhf8 18. h3 h5 19. Nh4 d6 20. b4 c5 21. bxc5 dxc5 22. Bxc5 Rf7 23. Rae1 Nc6 24. e5 fxe5 25. fxe5 Rxf1+ 26. Kxf1 Re8 27. e6 Ne7 28. Bxe7 Rxe7 29. Nf5 Re8 30. e7 Bc8 31. Ng7 Bd7 32. Nxe8 Bxe8 33. Rd1 Kb7 34. Rd8 Bb5+ 35. Kf2 c5 36. e8Q Bxe8 37. Rxe8 Kb6 38. g4 hxg4 39. hxg4 Kc7 40. g5 Kd7 41. Re3 Kc6 42. c4 Kb6 43. g6 Ka5 44. g7 Kb4 45. g8Q Ka5 46. Qe6 Kb4 47. Rb3+ Ka5 48. Qb6+ Ka4 49. Qxa6# 1-0

[Event "Remote S7E-171 email"]
[Site "Remote email"]
[Date "2014.08.01"]
[Round "?"]
[White "Spieler, Freakie"]
[Black "Tortoza, Carlos Alberto"]
[Result "1-0"]
[WhiteElo "2238"]
[BlackElo "1632"]
[PlyCount "39"]
[EventDate "2014.??.??"]
[EventType "tourn (corr)"]
[EventRounds "6"]
[EventCountry "GER"]
[SourceTitle "Corr 2015"]
[Source "ChessBase"]
[SourceDate "2015.07.17"]
[SourceVersion "1"]
[SourceVersionDate "2015.07.17"]
[SourceQuality "1"]

1. c4 e5 2. Nc3 c6 3. e3 d5 4. d4 Nf6 5. dxe5 Ng4 6. Nf3 Bc5 7. h3 Nh6 8. cxd5 cxd5 9. Qxd5 Qe7 10. Bb5+ Nd7 11. e4 0-0 12. Bg5 Qe8 13. Rd1 a6 14. Bxd7 Bxd7 15. Qxd7 Qb8 16. 0-0 Qxe5 17. Nxe5 f6 18. Bxh6 gxh6 19. Qg4+ Kh8 20. Rd7 1-0

[Event "Remote S5E No Engine-270 email"]
[Site "Remote email"]
[Date "2014.07.25"]
[Round "?"]
[White "Tortoza, Carlos Alberto"]
[Black "Pirs, Matjaz"]
[Result "0-1"]
[WhiteElo "1632"]
[BlackElo "2510"]
[PlyCount "86"]
[EventDate "2014.??.??"]
[EventType "tourn (corr)"]
[EventRounds "4"]
[EventCountry "GER"]
[SourceTitle "Corr 2015"]
[Source "ChessBase"]
[SourceDate "2015.07.17"]
[SourceVersion "1"]
[SourceVersionDate "2015.07.17"]
[SourceQuality "1"]

1. c4 c5 2. Nc3 Nc6 3. e3 e5 4. Nd5 f5 5. Bd3 d6 6. Ne2 Nf6 7. 0-0 Nxd5 8. cxd5 Ne7 9. Nc3 g6 10. e4 f4 11. f3 Bg7 12. Be2 g5 13. h3 a6 14. d3 b5 15. a3 h5 16. Bd2 Bd7 17. Na2 a5 18. b3 Qc8 19. Rc1 Qb7 20. Rb1 Qa7 21. a4 c4+ 22. Kh1 g4 23. Be1 gxh3 24. gxh3 cxb3 25. Rxb3 b4 26. Bf2 Qb8 27. Rg1 Bf6 28. Kh2 Bxa4 29. Qc2 Kf7 30. Bd1 Rc8 31. Qb2 Qb5 32. Bc2 Rc7 33. Bb1 Rac8 34. Be1 Ng6 35. Rg2 Nh4 36. Rf2 Qc5 37. Rf1 Qe3 38. Rc3 bxc3 39. Nxc3 Bd7 40. Bd2 Nxf3+ 41. Rxf3 Qxf3 42. Be1 Qxh3+ 43. Kg1 Rg8+ 0-1

[Event "Remote No Engine Nah2-18 email"]
[Site "Remote email"]
[Date "2014.06.28"]
[Round "?"]
[White "Pirs, Matjaz"]
[Black "Tortoza, Carlos Alberto"]
[Result "1-0"]
[WhiteElo "2510"]
[BlackElo "1632"]
[PlyCount "39"]
[EventDate "2014.??.??"]
[EventType "tourn (corr)"]
[EventRounds "6"]
[EventCountry "GER"]
[SourceTitle "Corr 2015"]
[Source "ChessBase"]
[SourceDate "2015.07.17"]
[SourceVersion "1"]
[SourceVersionDate "2015.07.17"]
[SourceQuality "1"]

1. e4 e5 2. Nf3 Nc6 3. Bb5 Bc5 4. 0-0 Nf6 5. Nxe5 Nxe5 6. d4 Bd6 7. dxe5 Bxe5 8. f4 Bxb2 9. Bxb2 0-0 10. e5 Ne4 11. Qd4 Ng3 12. hxg3 c6 13. Bd3 Re8 14. e6 f6 15. Qe4 g6 16. f5 dxe6 17. fxg6 hxg6 18. Qxg6+ Kf8 19. Ba3+ Qe7 20. Rxf6# 1-0

[Event "Remote No Engine Nah2-18 email"]
[Site "Remote email"]
[Date "2014.06.28"]
[Round "?"]
[White "Tortoza, Carlos Alberto"]
[Black "Mantau, Jan"]
[Result "0-1"]
[WhiteElo "1632"]
[BlackElo "2013"]
[PlyCount "100"]
[EventDate "2014.??.??"]
[EventType "tourn (corr)"]
[EventRounds "6"]
[EventCountry "GER"]
[SourceTitle "Corr 2015"]
[Source "ChessBase"]
[SourceDate "2015.07.17"]
[SourceVersion "1"]
[SourceVersionDate "2015.07.17"]
[SourceQuality "1"]

1. e4 c5 2. Nf3 d6 3. Bc4 e6 4. 0-0 Nc6 5. c3 Nf6 6. Re1 Be7 7. Na3 a6 8. Bb3 0-0 9. d4 d5 10. e5 Nd7 11. Nc2 c4 12. Bxc4 dxc4 13. b3 cxb3 14. axb3 b5 15. Bf4 Bb7 16. Ne3 Nb6 17. d5 Nxd5 18. Nxd5 exd5 19. e6 fxe6 20. Bg3 Qd7 21. Ne5 Nxe5 22. Bxe5 Bf6 23. Qd4 Bxe5 24. Rxe5 Rf6 25. Rg5 Raf8 26. f3 Rf5 27. Qh4 Rxg5 28. Qxg5 d4 29. Rd1 d3 30. Rd2 Rd8 31. Kf2 Qd6 32. h4 h6 33. Qg6 Qc5+ 34. Kg3 Qe3 35. Rxd3 Qxd3 36. Qxe6+ Kh8 37. Qe7 Qd6+ 38. Qxd6 Rxd6 39. Kf4 Rd3 40. c4 Rxb3 41. cxb5 Rxb5 42. g4 a5 43. Ke3 a4 44. Kd4 a3 45. Kc4 Bc6 46. f4 a2 47. g5 a1Q 48. gxh6 Qa4+ 49. Kc3 Rb3+ 50. Kd2 Qa2+ 0-1